Toán cao cấp- Đại số tuyến tính Sách dành cho sinh viên các ngành kinh tế
Đã lưu trong:
| 主要作者: | |
|---|---|
| 格式: | 圖書 |
| 語言: | Vietnamese |
| 出版: |
Hà Nội
Giáo dục
2011
|
| 版: | Tái bản lần thứ năm |
| 主題: | |
| 標簽: |
添加標簽
沒有標簽, 成為第一個標記此記錄!
|
| Thư viện lưu trữ: | Trung tâm Học liệu Lê Vũ Hùng, Trường Đại học Đồng Tháp |
|---|
| LEADER | 00838pam a22002658a 4500 | ||
|---|---|---|---|
| 001 | 00030993 | ||
| 005 | 20171026081023.0 | ||
| 008 | 130823s2011 ||||||viesd | ||
| 020 | |c 22000 | ||
| 041 | 0 | # | |a vie |
| 082 | 1 | 4 | |a 515 |b T406C |
| 100 | 1 | # | |a Lê, Sĩ Đồng |
| 245 | 1 | 0 | |a Toán cao cấp- Đại số tuyến tính |c Lê Sĩ Đồng |b Sách dành cho sinh viên các ngành kinh tế |
| 250 | # | # | |a Tái bản lần thứ năm |
| 260 | # | # | |a Hà Nội |b Giáo dục |c 2011 |
| 300 | # | # | |a 171 tr. |c 21 cm. |
| 653 | # | # | |a Kinh tế |
| 653 | # | # | |a Toán học |
| 653 | # | # | |a Địa số tuyến tính |
| 852 | # | # | |b Kho đọc |j KD.0014847 |
| 852 | # | # | |j KD.0014847 |
| 910 | 0 | # | |d 8/2013 |
| 980 | # | # | |a Trung tâm Học liệu Lê Vũ Hùng, Trường Đại học Đồng Tháp |